| 000 | 01785cam a22004575a 4500 | ||
|---|---|---|---|
| 999 |
_c20222 _d20194 |
||
| 001 | 12774026 | ||
| 003 | EG-ScBUE | ||
| 005 | 20210322100046.0 | ||
| 008 | 020514t2003 nyua f bd 001 0 eng d | ||
| 020 | _a0816051259 (set) | ||
| 020 | _a0816051267 (v.1) | ||
| 020 | _a9780816051267 (v.1) | ||
| 020 | _a0816051283 (v.2) | ||
| 020 | _a978081601281 (v.2) | ||
| 020 | _a0816051275 (v.3) | ||
| 020 | _a9780816051274 (v.3) | ||
| 020 | _a0816051291 (v.4) | ||
| 020 | _a9780816051298 (v.4) | ||
| 020 | _a0816051305 (v. 5) | ||
| 020 | _a9780816051304 (v. 5) | ||
| 040 |
_aDLC _beng _erda _cDLC _dDLC _dEG-ScBUE |
||
| 043 | _ae-uk--- | ||
| 082 | 0 | 4 |
_a820.9 _bBAC _222 |
| 245 | 0 | 0 | _aBackgrounds to English literature. |
| 264 | 1 |
_aNew York, NY : _bFacts on File, Inc., _c[2003] |
|
| 264 | 4 | _cc2003 | |
| 300 |
_a5 volumes : _billustrations (some color) ; _c26 cm |
||
| 336 |
_2rdacontent _atext _btxt |
||
| 337 |
_2rdamedia _aunmediated _bn |
||
| 338 |
_2rdacarrier _avolume _bnc |
||
| 500 | _aEnglish literature in its historical, cultural and social contexts. | ||
| 500 | _aIncludes glossary. | ||
| 504 | _aIncludes bibliographical references and index. | ||
| 505 | 0 |
_gvolume 1. _tThe Renaissance / _rPatrick Lee-Browne -- _gvolume 2. _tThe romantics / _rNeil King -- _gvolume 3. _tThe Victorians / _rAidan Cruttenden -- _gvolume 4. _tThe modernist period, 1900-1945 / _rPatrick Lee-Browne -- _gvolume 5. _tPost-war literature 1945 to the present / _rCaroline Merz and Patrick Lee-Browne. |
|
| 650 | 7 |
_aEnglish literature _xHistory and criticism. _2BUEsh _919770 |
|
| 650 | 7 |
_aLiterature and history _zGreat Britain. _2BUEsh _933576 |
|
| 651 | 7 |
_aGreat Britain _xCivilization. _2BUEsh |
|
| 653 |
_cJuly2015 _bHHUUEENN |
||
| 655 |
_vReading book _934232 |
||
| 942 |
_2ddc _k820.9 BAC _cBB |
||